Les lanternes rouges de la coupe du monde de football masculine - Statistiques

Statistiques générales
  • Ce quiz a été pris 87 fois
  • Le résultat moyen est 87 sur 111
Statistiques - réponses
Hint Indice Réponse % Correct
Ayant encaissé le 1er but dans la 1ère minute 27 s France
99%
Ayant perdu la finale aux tirs au but 2 fois France
99%
Pays organisateur n'ayant pas atteint les demi-finales 1/4 France
99%
Pays tenant du titre éliminé au 1er tour de l'édition suivante 2002 France
99%
Ayant perdu deux finales consécutives 1974/1978 Pays-Bas
99%
Ayant perdu la finale et n'ayant jamais remporté le titre 3 Pays-Bas
99%
Ayant encaissé le plus de buts sur toutes les éditions 130 Allemagne
97%
Ayant perdu deux finales consécutives 1982/1986 Allemagne
97%
Ayant perdu le plus grand nombre de finales 4 Allemagne
97%
Pays organisateur ayant encaissé au moins 7 buts dans son édition 8 Allemagne
97%
Pays tenant du titre éliminé au 1er tour de l'édition suivante 2018 Allemagne
97%
Ayant encaissé la plus grosse différence de but par édition 2014 (6) Brésil
97%
Ayant encaissé le plus de buts en finale 3 Brésil
97%
Ayant encaissé le plus de buts sur toutes les éditions 108 Brésil
97%
Ayant encaissé le plus de buts sur une édition 1938 (12) Brésil
97%
Ayant encaissé le plus de buts sur une édition 2014 (14) Brésil
97%
Equipe le plus souvent classée 4e 2 fois Brésil
97%
Pays organisateur ayant encaissé au moins 7 buts dans son édition 14 Brésil
97%
Pays organisateur ayant encaissé au moins 7 buts dans son édition 7 Brésil
97%
Pays tenant du titre éliminé au 1er tour de l'édition suivante 1966 Brésil
97%
Ayant encaissé le 1er but dans la 1ère minute 37 s Italie
96%
Ayant encaissé le plus de buts en finale 3 Italie
96%
Ayant perdu la finale aux tirs au but 1 fois Italie
96%
Pays tenant du titre éliminé au 1er tour de l'édition suivante 1950 Italie
96%
Pays tenant du titre éliminé au 1er tour de l'édition suivante 2010 Italie
96%
Pays titré ayant gagné moins de 60 % de ses matches 57.1 % Italie
96%
Ayant encaissé la plus grosse différence de but par édition 1958 (5) Argentine
95%
Ayant encaissé le plus de buts sur toutes les éditions 101 Argentine
95%
Ayant perdu le plus grand nombre de finales 3 Argentine
95%
Pays titré ayant gagné moins de 60 % de ses matches 57.1 % Argentine
95%
Pays organisateur n'ayant pas atteint les demi-finales 2e tour Espagne
92%
Pays tenant du titre éliminé au 1er tour de l'édition suivante 2014 Espagne
92%
Ayant encaissé la plus grosse différence de but par édition 1978 (6) Mexique | Pérou
89%
Equipe le plus souvent classée 4e 3 fois Uruguay
89%
Ayant encaissé la plus grosse différence de but par édition 1990 (4) Etats-Unis | Cameroun | Emirats arabes unis
87%
Pays organisateur n'ayant pas atteint les demi-finales 8e Japon
87%
Equipe le plus souvent classée 4e 2 fois Angleterre
86%
Ayant encaissé la plus grosse différence de but par édition 1998 (5) Bulgarie | Corée-du-Sud | Jamaïque
86%
Ayant perdu la finale et n'ayant jamais remporté le titre 1 Croatie
86%
Ayant encaissé la plus grosse différence de but par édition 1930 (5) Etats-Unis | Yougoslavie
86%
Ayant encaissé la plus grosse différence de but par édition 1950 (6) Suède
86%
Ayant encaissé le plus de buts en finale 5 Suède
86%
Ayant encaissé le plus de buts sur une édition 1950 (15) Suède
86%
Ayant perdu la finale et n'ayant jamais remporté le titre 1 Suède
86%
Pays organisateur ayant encaissé au moins 7 buts dans son édition 7 Russie
85%
Pays organisateur n'ayant pas atteint les demi-finales 1/4 Russie
85%
Ayant encaissé la plus grosse différence de but par édition 1954 (9) Corée-du-Sud
84%
Ayant encaissé le 1er but dans la 1ère minute 11 s Corée-du-Sud
84%
Ayant encaissé le plus de buts sur un match 9 Corée-du-Sud
84%
Ayant encaissé le plus de buts sur une édition 1954 (16) Corée-du-Sud
84%
Ayant connu le plus de défaites successives 9 Mexique
84%
Ayant encaissé le 1er but dans la 1ère minute 15 s Mexique
84%
Ayant encaissé le plus de buts sur toutes les éditions 101 Mexique
84%
Ayant encaissé le plus de buts sur une édition 1930 (13) Mexique
84%
Ayant encaissé le plus de buts sur une édition 1978 (12) Mexique
84%
Pays organisateur n'ayant pas atteint les demi-finales 1/4 Mexique
84%
Ayant encaissé la plus grosse différence de but par édition 2018 (5) Arabie saoudite | Panama
82%
Ayant encaissé la plus grosse différence de but par édition 1934 (6) Etats-Unis
82%
Ayant encaissé le plus de buts sur une édition 1934 (7) Etats-Unis
82%
Pays organisateur n'ayant pas atteint les demi-finales 8e Etats-Unis
82%
Ayant encaissé le 1er but dans la 1ère minute 35 s Belgique
81%
Ayant encaissé le plus de buts sur une édition 1966 (10) Portugal
81%
Pays organisateur n'ayant pas atteint les demi-finales 1er tour Afrique-du-Sud
80%
Pays organisateur ayant encaissé au moins 7 buts dans son édition 7 Qatar
80%
Pays organisateur n'ayant pas atteint les demi-finales 1er tour Qatar
80%
N'ayant jamais marqué 3 éditions Chine
78%
Ayant encaissé la plus grosse différence de but par édition 1966 (5) Suisse
78%
Pays organisateur ayant encaissé au moins 7 buts dans son édition 10 Suisse
78%
Pays organisateur n'ayant pas atteint les demi-finales 1/4 Suisse
78%
Pays organisateur ayant encaissé au moins 7 buts dans son édition 9 Chili
77%
Ayant encaissé la plus grosse différence de but par édition 2022 (7) Costa Rica
76%
Ayant encaissé le plus de buts sur une édition 2022 (11) Costa Rica
76%
Ayant encaissé la plus grosse différence de but par édition 1962 (5) Bulgarie | Colombie
75%
Ayant perdu tous ses matches 6 Canada
75%
Ayant encaissé la plus grosse différence de but par édition 1986 (6) Hongrie
73%
Ayant encaissé le 1er but dans la 1ère minute 35 s Hongrie
73%
Ayant encaissé le plus de buts sur une édition 1986 (9) Hongrie
73%
Ayant perdu la finale et n'ayant jamais remporté le titre 2 Hongrie
73%
Ayant encaissé la plus grosse différence de but par édition 2002 (8) Arabie saoudite
72%
Ayant encaissé le plus de buts sur une édition 2002 (12) Arabie saoudite
72%
Ayant encaissé la plus grosse différence de but par édition 1994 (5) Cameroun
70%
Ayant encaissé le plus de buts sur une édition 1994 (11) Cameroun
70%
Ayant encaissé la plus grosse différence de but par édition 2010 (7) Corée-du-Nord
70%
Ayant encaissé le plus de buts sur une édition 2010 (12) Corée-du-Nord
70%
Ayant encaissé le plus de buts sur une édition 2018 (11) Panama
68%
Equipe le plus souvent classée 4e 2 fois Yougoslavie
68%
Ayant encaissé le plus de buts sur une édition 1962 (11) Colombie
67%
Ayant encaissé le plus de buts sur une édition 1958 (12) Paraguay
67%
Ayant encaissé la plus grosse différence de but par édition 2006 (6) Serbie
65%
Ayant encaissé le plus de buts sur une édition 2006 (10) Serbie
65%
Ayant encaissé le 1er but dans la 1ère minute 24 s Autriche
63%
Pays organisateur ayant encaissé au moins 7 buts dans son édition 7 Autriche
63%
Ayant perdu la finale et n'ayant jamais remporté le titre 2 Tchécoslovaquie
63%
Ayant encaissé le plus de buts sur une édition 1970 (9) Bulgarie | Salvador
59%
Ayant encaissé la plus grosse différence de but par édition 1938 (8) Cuba
59%
Ayant encaissé le plus de buts sur une édition 1998 (9) Jamaïque
57%
Equipe ayant gagné moins de 25% de ses matches 16.60 % Bolivie
54%
Ayant disputé le plus de matchs sans jamais gagner 17 Bulgarie
54%
Ayant encaissé le plus de buts sur une édition 1974 (14) Haïti | Zaïre
53%
Ayant encaissé le 1er but dans la 1ère minute 30 s Ghana
48%
Ayant encaissé la plus grosse différence de but par édition 1970 (4) Salvador
43%
Ayant encaissé la plus grosse différence de but par édition 1982 (9) Salvador
43%
Ayant encaissé le plus de buts sur un match 9 Salvador
43%
Ayant encaissé le plus de buts sur une édition 1982 (13) Salvador
43%
Ayant perdu tous ses matches 6 Salvador
43%
Ayant encaissé le plus de buts sur une édition 1990 (11) Emirats arabes unis
39%
Ayant encaissé la plus grosse différence de but par édition 1974 (9) Zaïre
34%
Ayant encaissé le plus de buts sur un match 9 Zaïre
34%
N'ayant jamais marqué 3 éditions Zaïre
34%
N'ayant jamais marqué 3 éditions Trinité-et-Tobago
33%
N'ayant jamais marqué 1 édition Indes orientales néerlandaises
5%
Aucun quiz correspondant
Distribution des résultats
% des personnes avec chaque résultat
Percentile par nombre de réponses
Votre historique - résultats
Vous n’avez pas pris ce quiz